1395 1474 1237 1843 1901 1209 1186 1251 1843 1678 1710 1312 1156 1935 1447 1578 1587 1844 1417 1626 1755 1883 1425 1795 1635 1964 1557 1051 1289 1006 1734 1580 1636 1145 1108 1371 1606 1804 1388 1299 1070 1369 1538 1341 1405 1563 1933 1460 1566 1622 1376 1537 1247 1014 1939 1660 1575 1637 1448 1939 1325 1993 1645 1826 1058 1885 1440 1417 1762 1323 1745 1711 1011 1432 1324 1313 1873 1906 1759 1729 1177 1252 1034 1305 1101 1498 1611 1165 1555 1080 1968 1528 1700 1359 1165 1276 1701 1961 1198 BCNSPRNW ULIB Ver.6.0+V

เปลี่ยนเป็นภาษาไทย

Change to English
 แสดงรายละเอียดบรรณานุกรม
  กลับหน้าหลัก

Brief Record : Get Marc (ISO 2709) : E-mail record : QR code < ปิดหน้าต่าง
LEADER : 00000nam 2200000uu 4500
001    13399112227
003     ULIB
008    110627s2553||||th 000 0 tha d
020    9786165000376
090    นว.^bพ723ข 2553
100 0  พิมพิสุธญ์
245 00 ข้ามฟ้าหิมาลัย/^cพิมพิสุธญ์
250    พิมพ์ครั้งที่ 1
260    กรุงเทพฯ :^bพิมพ์คำ,^c2553
300    424 หน้า
710 1  พิมพ์คำ
945    ^p260^l0^i028039
995    ทศพร
999 ^a ใช้งานได้ทุกระบบ
รายการนี้ยังไม่มีแท็ก
คุณยังไม่ได้ล็อกอิน คุณสามารถมีกิจกรรมร่วมกับเว็บไซต์ได้ แต่ต้องล็อกอินก่อน ::
  ล็อกอิน

รายการสื่อสารสนเทศ

ลำดับที่ ประเภท เลขเรียก/บาร์โค้ด สถานที่ สถานะ
- ไม่พบข้อมูล -

รายการใกล้เคียง
    ผู้แต่ง [พิมพิสุธญ์]

BibComment


ยังไม่เคยถูกคอมเมนท์

คอมเมนท์ทรัพยากรรายการนี้
  คอมเมนท์: ข้ามฟ้าหิมาลัย พิ..


 Copyright 2026. Bcnsprnw @Library